| 000 | 01048nam a2200289 i 4500 | ||
|---|---|---|---|
| 001 | 000027369 | ||
| 003 | DO-SdBNP | ||
| 005 | 20241002120001.0 | ||
| 007 | ta | ||
| 008 | 110328s1948 dr r 000 0 spa d | ||
| 040 |
_aDO-SdBNP _bspa _cBNPHU _erda |
||
| 082 | 4 |
_a972.9304 _bM738c, 1948 _222 |
|
| 100 | 1 |
_aMonclús, Miguel Ángel, _d1873-1967. _eautor _931058 |
|
| 245 | 1 | 3 |
_aEl caudillismo en la República Dominicana / _cMiguel Ángel Monclús ; prólogo Sócrates Nolasco. |
| 250 | _a2a edición | ||
| 264 |
_aSanto Domingo : _bImpresora Dominicana, _c1948. |
||
| 300 |
_a161 páginas ; _c21 cm. |
||
| 336 |
_ardacontent _btexto _2txt |
||
| 337 |
_ardamedia _bsin mediación _2n |
||
| 338 |
_brdacarrier _0volumen _2nc |
||
| 590 | _aInventariado, 2018/LP | ||
| 650 | 4 |
_aPresidentes _zRepública Dominicana _vBiografías _91288 |
|
| 651 | 4 |
_aRepública Dominicana _xPolítica y gobierno _xHistoria _y1844-1930 _954051 |
|
| 700 | 1 |
_aNolasco, Sócrates, _d1884-1980 _eprólogo _922323 |
|
| 910 | _aValidado. Control de calidad MFF | ||
| 942 |
_2ddc _cLBS1 |
||
| 999 |
_c26861 _d26861 |
||